000 00987nam a2200265Ia 4500
003 OSt
005 20220930072720.0
006 a|||||r|||| 00| 0
007 ta
008 220926b |||||||| |||| 00| 0 eng d
024 _a24836
037 _cTheses
040 _aCRL
_cCRL
_beng
041 _2eng
_aeng
100 _aKhosla Nidhi
_9530327
110 _aUniversity of Delhi. Faculty of Medical Sciences. Department of Obstetrics and Gynaecology
245 0 _aClinical application of color doppler sonography in assessment of fetoplacental circulation in cases of intrauterine grwoth retardation and its correlation with perinantal outcome
260 _c1998
300 _a95p.
_ap.
_ccm.
650 _aWOMEN - DISEASES
700 _a Dr Usha Manaktala Supervisor
_9526552
700 _aUniversity of Delhi. Faculty of Medical Sciences. Department of Obstetrics and Gynaecology
942 _cDIS
_2CC
999 _c864238
_d864238